000
00209 a2200097 4500
001
45505
100
_a
Bostock C
245
_a
Applied mathematics I
260
_a
_b
Stanley thrones
_c
090
_c
28665
_d
28665
942
_a
NUST-CAE
_c
M
_c
20741
999
_c
280578
_d
280578